| 000 | 00715nam a22002057a 4500 | ||
|---|---|---|---|
| 999 |
_c14357 _d14357 |
||
| 003 | AR-CdUCM | ||
| 008 | 190422b ||||| |||| 00| 0 spa d | ||
| 020 | _a978-607-32-3491-7 | ||
| 040 |
_aMUNICIPALIDAD PROVINCIAL DEL CUSCO _cBIBLIOTECA MUNICIPAL DEL CUSCO |
||
| 082 |
_aEP / 803 / _bC24 |
||
| 100 |
_aCámara Guadarrama, Ramón _933102 |
||
| 245 | _aCuentos en solitario / | ||
| 260 |
_aMéxico : _bPearson, _c2016. |
||
| 300 |
_a111 páginas ; _c21 cm. |
||
| 505 | _aContenido :El buscador del tiempo perdido -- El hombre del desierto -- Mañana -- El trapo -- Historia de los vacíos ... | ||
| 650 |
_aCuentos _9217 |
||
| 700 |
_aJuarez, Tania. _933103 |
||
| 942 |
_2ddc _cLIBROS |
||
| 945 |
_arum _d2019-04-22 |
||